[Event "Campeonato de España Individual 2008"]
[Site "Ceuta ESP"]
[Date "2008.10.02"]
[Round "3.41"]
[White "Lariño Nieto, David"]
[Black "Ibarra Jerez, Jose Carlos"]
[Result "1-0"]
[WhiteElo "2427"]
[BlackElo "2496"]
[PlyCount "105"]
[EventDate "2008.09.27"]
[EventType "team-tourn"]
[EventRounds "8"]
[EventCountry "ESP"]
[Source "lmi"]
[SourceDate "2008.09.27"]

1. e4 c5 2. d3 e6 3. g3 d5 4. Nd2 Nc6 5. Bg2 g6 6. Ne2 Bg7 7. exd5 exd5 8. O-O
Nge7 9. Nb3 b6 10. d4 c4 11. Nd2 O-O 12. c3 Bf5 13. Nf4 Qd6 14. Qf3 Rad8 15. b3
b5 16. bxc4 bxc4 17. a4 Qd7 18. h3 h5 19. Ba3 Rfe8 20. Rfe1 Bh6 21. Kh2 Kg7 22.
Re2 Bg4 23. Rxe7 Nxe7 24. hxg4 hxg4 25. Qd1 Bxf4 26. gxf4 Qf5 27. Bxe7 Qxf4+
28. Kg1 Rxe7 29. Nf1 Rb8 30. Qc1 Qd6 31. Qg5 Reb7 32. Ng3 Rb1+ 33. Rxb1 Rxb1+
34. Bf1 Qe6 35. Nh5+ Kg8 36. Nf6+ Kg7 37. Nxd5 g3 38. Ne3 gxf2+ 39. Kxf2 Rb2+
40. Kf3 Rb3 41. Bxc4 Qh3+ 42. Ke2 Rxc3 43. Qe5+ Kh7 44. Bxf7 Qh6 45. d5 Ra3 46.
d6 Qh4 47. d7 Rxa4 48. Bxg6+ Kxg6 49. Qd6+ Kf7 50. Qd5+ Kg6 51. Qg8+ Kh5 52.
Qh7+ Kg5 53. d8=Q+ 1-0

[Event "Campeonato de España Individual 2008"]
[Site "Ceuta ESP"]
[Date "2008.10.02"]
[Round "3.42"]
[White "Teran Alvarez, Ismael"]
[Black "Arizmendi Martinez, Julen Luis"]
[Result "0-1"]
[WhiteElo "2442"]
[BlackElo "2524"]
[PlyCount "63"]
[EventDate "2008.09.27"]
[EventType "team-tourn"]
[EventRounds "8"]
[EventCountry "ESP"]
[Source "lmi"]
[SourceDate "2008.09.27"]

1. e4 e6 2. d4 d5 3. Nc3 Nc6 4. Nf3 Nf6 5. Bd3 Bb4 6. O-O Bxc3 7. exd5 exd5 8.
bxc3 O-O 9. Ne5 Nxe5 10. dxe5 Ne4 11. Ba3 Re8 12. f3 Ng5 13. f4 Ne4 14. c4 c6
15. Bxe4 dxe4 16. Bd6 f5 17. exf6 Qxf6 18. Be5 Qf7 19. c5 Bf5 20. Rb1 Rad8 21.
Qe2 Rd7 22. Rb3 Qd5 23. Rg3 Qxc5+ 24. Kh1 Rf7 25. Rg5 g6 26. g4 Be6 27. Ba1 Bc4
28. Qe1 Bd5 29. c4 Qxc4 30. h3 e3+ 31. Kh2 Rxf4 32. Qh4 0-1

[Event "Campeonato de España Individual 2008"]
[Site "Ceuta ESP"]
[Date "2008.10.02"]
[Round "3.51"]
[White "Ibarra Jerez, Jose Carlos"]
[Black "Lariño Nieto, David"]
[Result "0-1"]
[WhiteElo "2496"]
[BlackElo "2427"]
[PlyCount "60"]
[EventDate "2008.09.27"]
[EventType "team-tourn"]
[EventRounds "8"]
[EventCountry "ESP"]
[Source "lmi"]
[SourceDate "2008.09.27"]

1. e4 e6 2. d4 d5 3. Nc3 Nf6 4. Bg5 Be7 5. e5 Nfd7 6. Bxe7 Qxe7 7. Qg4 f5 8.
exf6 Nxf6 9. Qh4 O-O 10. Bd3 Nc6 11. Nf3 h6 12. O-O-O Nh7 13. Qg3 Ng5 14. Nh4
Qf6 15. Ng6 Rf7 16. f4 Nh7 17. Ne2 Nxd4 18. Nxd4 Qxd4 19. Ne7+ Kh8 20. Bxh7 Qf6
21. Ng6+ Kxh7 22. Ne5 Qxf4+ 23. Qxf4 Rxf4 24. Rhf1 Rf5 25. Rde1 b6 26. g4 Rf6
27. h4 Ba6 28. Rxf6 gxf6 29. Nd7 Kg7 30. Rxe6 Bb5 0-1

[Event "Campeonato de España Individual 2008"]
[Site "Ceuta ESP"]
[Date "2008.10.03"]
[Round "4.1"]
[White "Lariño Nieto, David"]
[Black "Arizmendi Martinez, Julen Luis"]
[Result "1/2-1/2"]
[WhiteElo "2427"]
[BlackElo "2524"]
[PlyCount "81"]
[EventDate "2008.09.27"]
[EventType "team-tourn"]
[EventRounds "8"]
[EventCountry "ESP"]
[Source "lmi"]
[SourceDate "2008.09.27"]

1. e4 c5 2. d3 Nc6 3. Nc3 g6 4. g3 Bg7 5. Bg2 d6 6. f4 e5 7. Nh3 exf4 8. Bxf4
Nf6 9. O-O O-O 10. Nf2 h6 11. g4 Ne5 12. h3 Be6 13. Qd2 Kh7 14. Nfd1 Qa5 15.
Qf2 b5 16. Qh4 g5 17. Bxg5 Ng6 18. Bxf6 Nxh4 19. Bxh4 c4 20. Kh1 cxd3 21. cxd3
Rac8 22. Ne3 Rxc3 23. bxc3 Qxc3 24. Rad1 Bxa2 25. Nf5 Bb3 26. Rde1 Be6 27. Nxg7
Kxg7 28. e5 dxe5 29. Bf6+ Kg8 30. Rxe5 Qxd3 31. Rh5 Qg6 32. Rh4 Bc4 33. Rf4 Re8
34. g5 h5 35. Re4 Re6 36. Ref4 Rxf6 37. gxf6 Qg3 38. Re4 Be6 39. Rxh5 Qg6 40.
Rxb5 Qxf6 41. Ra5 1/2-1/2

[Event "Campeonato de España Individual 2008"]
[Site "Ceuta ESP"]
[Date "2008.10.03"]
[Round "4.2"]
[White "Ibarra Jerez, Jose Carlos"]
[Black "Teran Alvarez, Ismael"]
[Result "1-0"]
[WhiteElo "2496"]
[BlackElo "2442"]
[PlyCount "77"]
[EventDate "2008.09.27"]
[EventType "team-tourn"]
[EventRounds "8"]
[EventCountry "ESP"]
[Source "lmi"]
[SourceDate "2008.09.27"]

1. e4 e5 2. Nf3 Nc6 3. Bb5 d6 4. d4 Bd7 5. Nc3 Nf6 6. O-O Be7 7. Re1 exd4 8.
Nxd4 Nxd4 9. Qxd4 Bxb5 10. Nxb5 O-O 11. Bf4 Nd7 12. Rad1 a6 13. Nc3 Re8 14. Qb4
Rb8 15. Nd5 Bf8 16. Qa5 Rc8 17. Re2 c6 18. Qxd8 Rexd8 19. Ne3 Re8 20. f3 Re6
21. c4 g6 22. Red2 Ne5 23. b3 b5 24. Rc2 h6 25. Kf2 h5 26. h3 Ra8 27. Bg5 f6
28. Bf4 Kf7 29. g4 hxg4 30. hxg4 Rc8 31. Ke2 Ree8 32. g5 f5 33. exf5 gxf5 34.
Kf2 Kg6 35. Ng2 Kf7 36. Nh4 Ke6 37. c5 Be7 38. Re2 Rh8 39. cxd6 1-0